00305nam a2200121Ia 4500008004100000020001500041040001200056082001400068100001600082245003200098260004100130300001200171200103s9999||||xx |||||||||||||| ||und|| a8172244800 aIMU-MPC aColumn-61 aScott, Bill 4aThe skills of communicating bJaico Publishing House, Bombayc1995 axi, 198